[Event "Basel Hilton op 15th"]
[Site "Basel"]
[Date "2013.01.05"]
[Round "7"]
[White "Frey, Matthias"]
[Black "Heinis, Vincent"]
[Result "1/2-1/2"]
[WhiteElo "1958"]
[BlackElo "2101"]
[PlyCount "68"]
[EventDate "2013.01.01"]
[EventType "swiss"]
[EventRounds "7"]
[EventCountry "SUI"]
[SourceTitle "CBM 152 Extra"]
[Source "ChessBase"]
[SourceDate "2013.02.25"]
[SourceVersion "1"]
[SourceVersionDate "2013.02.25"]
[SourceQuality "1"]

1. e4 c5 2. Nf3 Nc6 3. d4 cxd4 4. Nxd4 e5 5. Nb5 d6 6. c4 Be7 7. g3 Nf6 8. Bg2 Bg4 9. Qd3 a6 10. N5a3 0-0 11. 0-0 Nd4 12. f3 Be6 13. Be3 b5 14. Bxd4 exd4 15. Kh1 bxc4 16. Qxd4 d5 17. e5 Nd7 18. f4 g6 19. Nc2 Bc5 20. Qd2 Bf5 21. Nc3 d4 22. Nxd4 Nxe5 23. fxe5 Bxd4 24. Bxa8 Qxa8+ 25. Qg2 Bxe5 26. Qxa8 Rxa8 27. Rad1 Rb8 28. Rd2 f6 29. Kg2 Kf7 30. Re1 h5 31. Re3 Bd3 32. Re1 Rd8 33. Red1 Rb8 34. Re1 Rd8 1/2-1/2

[Event "Basel Hilton op 15th"]
[Site "Basel"]
[Date "2013.01.04"]
[Round "5"]
[White "Frey, Matthias"]
[Black "Eidinger, Helmut"]
[Result "0-1"]
[WhiteElo "1958"]
[BlackElo "2137"]
[PlyCount "60"]
[EventDate "2013.01.01"]
[EventType "swiss"]
[EventRounds "7"]
[EventCountry "SUI"]
[SourceTitle "CBM 152 Extra"]
[Source "ChessBase"]
[SourceDate "2013.02.25"]
[SourceVersion "1"]
[SourceVersionDate "2013.02.25"]
[SourceQuality "1"]

1. e4 c5 2. Nf3 d6 3. d4 cxd4 4. Nxd4 Nf6 5. Nc3 Nc6 6. Be3 Ng4 7. Nxc6 bxc6 8. Qd2 Nxe3 9. Qxe3 Qb6 10. Qxb6 axb6 11. Be2 g6 12. f4 Bg7 13. Kd2 0-0 14. Bf3 Rd8 15. Rhd1 Bb7 16. Ke3 e6 17. a4 d5 18. e5 Bf8 19. Ke2 Bc5 20. Kf1 Rdb8 21. Ne2 Ra7 22. Nd4 Rba8 23. c3 Rxa4 24. Rxa4 Rxa4 25. g3 Ra2 26. Rd2 Bxd4 27. cxd4 c5 28. dxc5 bxc5 29. Rc2 c4 30. Be2 Ba6 0-1

[Event "Basel Hilton op 15th"]
[Site "Basel"]
[Date "2013.01.04"]
[Round "6"]
[White "Prill, Gerhard"]
[Black "Frey, Matthias"]
[Result "0-1"]
[WhiteElo "2056"]
[BlackElo "1958"]
[PlyCount "58"]
[EventDate "2013.01.01"]
[EventType "swiss"]
[EventRounds "7"]
[EventCountry "SUI"]
[SourceTitle "CBM 152 Extra"]
[Source "ChessBase"]
[SourceDate "2013.02.25"]
[SourceVersion "1"]
[SourceVersionDate "2013.02.25"]
[SourceQuality "1"]

1. e4 e6 2. d4 d5 3. Nc3 Bb4 4. e5 c5 5. a3 Ba5 6. Bd2 cxd4 7. Nb5 Bc7 8. Nf3 Ne7 9. Bb4 0-0 10. Bd6 Bb6 11. Nbxd4 f6 12. c3 fxe5 13. Bxe5 Ng6 14. Bg3 e5 15. Nb3 Bg4 16. Be2 Nc6 17. 0-0 Nf4 18. Bxf4 Rxf4 19. Qd2 Rf8 20. Rad1 e4 21. Nfd4 Ne5 22. h3 Bxe2 23. Nxe2 Nd3 24. Nbd4 Qh4 25. Nc1 Ne5 26. Rde1 Rf6 27. Nc2 Nf3+ 28. gxf3 Rg6+ 29. Kh2 Bc7+ 0-1

[Event "Basel Hilton op 15th"]
[Site "Basel"]
[Date "2013.01.03"]
[Round "4"]
[White "Grandadam, Patrick"]
[Black "Frey, Matthias"]
[Result "1-0"]
[WhiteElo "2204"]
[BlackElo "1958"]
[PlyCount "61"]
[EventDate "2013.01.01"]
[EventType "swiss"]
[EventRounds "7"]
[EventCountry "SUI"]
[SourceTitle "CBM 152 Extra"]
[Source "ChessBase"]
[SourceDate "2013.02.25"]
[SourceVersion "1"]
[SourceVersionDate "2013.02.25"]
[SourceQuality "1"]

1. Nf3 c5 2. c4 Nf6 3. d4 cxd4 4. Nxd4 g6 5. Nc3 Bg7 6. e4 d6 7. Be2 Nc6 8. Be3 0-0 9. 0-0 Ne5 10. f3 Bd7 11. Qd2 Rc8 12. b3 a6 13. Rfc1 Qc7 14. Rc2 Rfd8 15. Rac1 Bc6 16. Qd1 b6 17. Nd5 Qb7 18. Nxc6 Nxc6 19. Nxb6 Rb8 20. Nd5 a5 21. Rd2 Nb4 22. Nxf6+ Bxf6 23. c5 Be5 24. a3 Nc6 25. f4 Qxb3 26. Qxb3 Rxb3 27. fxe5 Rxe3 28. cxd6 Rxe2 29. Rxe2 Nxe5 30. dxe7 Re8 31. Rc7 1-0

[Event "Gibraltar Masters 10th"]
[Site "Caleta"]
[Date "2012.01.30"]
[Round "7"]
[White "Neumanova, Monika"]
[Black "Frey, Matthias"]
[Result "0-1"]
[WhiteElo "1696"]
[BlackElo "1941"]
[PlyCount "54"]
[EventDate "2012.01.24"]
[EventType "swiss"]
[EventRounds "10"]
[EventCountry "GGB"]
[SourceTitle "CBM 147"]
[Source "ChessBase"]
[SourceDate "2012.03.16"]
[SourceVersion "1"]
[SourceVersionDate "2012.03.16"]
[SourceQuality "1"]

1. d4 Nf6 2. c4 g6 3. Nc3 Bg7 4. e4 d6 5. f3 0-0 6. Be3 Nbd7 7. Nh3 e5 8. d5 a5 9. Nf2 Nh5 10. Qd2 f5 11. exf5 gxf5 12. Bh6 Nc5 13. 0-0-0 Bd7 14. g4 Nf4 15. g5 a4 16. Ne2 a3 17. bxa3 Nxe2+ 18. Qxe2 Rxa3 19. Nd3 Nxd3+ 20. Rxd3 Qa8 21. Rd2 Rc3+ 22. Kd1 Qa3 23. Qf2 Re3 24. Rc2 Rxf3 25. Qg2 Ba4 26. Ke1 Bxc2 27. Qxc2 Qc3+ 0-1

[Event "Gibraltar Masters 10th"]
[Site "Caleta"]
[Date "2012.01.28"]
[Round "5"]
[White "Rowe, Duane"]
[Black "Frey, Matthias"]
[Result "1-0"]
[WhiteElo "2236"]
[BlackElo "1941"]
[PlyCount "69"]
[EventDate "2012.01.24"]
[EventType "swiss"]
[EventRounds "10"]
[EventCountry "GGB"]
[SourceTitle "CBM 147"]
[Source "ChessBase"]
[SourceDate "2012.03.16"]
[SourceVersion "1"]
[SourceVersionDate "2012.03.16"]
[SourceQuality "1"]

1. e4 c6 2. Nc3 d5 3. Nf3 dxe4 4. Nxe4 Nf6 5. Ng3 Bg4 6. Bc4 e6 7. h3 Bxf3 8. Qxf3 Nbd7 9. Qe2 Be7 10. 0-0 0-0 11. a4 Nb6 12. Bb3 Nbd5 13. a5 Qc7 14. d3 Rfe8 15. Bg5 c5 16. Rfe1 h6 17. Bd2 Bf8 18. Ra4 Nb4 19. Qf3 Qc6 20. Ne4 Nxe4 21. Rxe4 b5 22. axb6 axb6 23. Raxb4 cxb4 24. Bxh6 Ra1+ 25. Kh2 Ra5 26. Qg3 Rh5 27. Bg5 Bd6 28. f4 Ra8 29. Qg4 Rxg5 30. Qxg5 Ra5 31. Qd8+ Kh7 32. Rd4 Bc5 33. Qh4+ Kg8 34. Rd8+ Bf8 35. Qe7 1-0

[Event "Rail 4 Countries"]
[Site "Vienna"]
[Date "2011.11.11"]
[Round "1.5"]
[White "Frey, Matthias"]
[Black "Perrett, David C"]
[Result "1-0"]
[WhiteElo "1941"]
[BlackElo "1952"]
[PlyCount "77"]
[EventDate "2011.11.11"]
[EventType "team-tourn"]
[EventRounds "3"]
[EventCountry "AUT"]
[SourceTitle "EXT 2022"]
[Source "ChessBase"]
[SourceDate "2021.10.06"]
[SourceVersion "1"]
[SourceVersionDate "2021.10.06"]
[SourceQuality "1"]
[WhiteTeam "Switzerland USIC"]
[BlackTeam "England USIC"]
[WhiteTeamCountry "SUI"]
[BlackTeamCountry "ENG"]

1. e4 Nf6 2. e5 Nd5 3. d4 d6 4. Nf3 g6 5. c4 Nb6 6. Nc3 Bg7 7. exd6 cxd6 8. Be2 0-0 9. 0-0 Bg4 10. h3 Bxf3 11. Bxf3 Nc6 12. Bxc6 bxc6 13. Qd3 Nd7 14. Bg5 h6 15. Bh4 Rb8 16. Rab1 g5 17. Bg3 Qb6 18. c5 dxc5 19. Bxb8 Qxb8 20. dxc5 Nxc5 21. Qc4 Ne6 22. Qxc6 Nd4 23. Qe4 e5 24. Ne2 Ne6 25. Ng3 Rd8 26. Nf5 h5 27. Nxg7 Rd4 28. Qe2 Nf4 29. Qf3 Rd3 30. Qe4 Kxg7 31. Rfe1 f6 32. Rbd1 Qb5 33. Rxd3 Nxd3 34. Rd1 Nf4 35. Kh2 Ne6 36. Qd3 Qb4 37. Qd7+ Kg6 38. Qxe6 Qf4+ 39. Kg1 1-0

[Event "Berlin Lichtenberger op 10th"]
[Site "Berlin"]
[Date "2011.08.19"]
[Round "7"]
[White "Koischwitz, Wanja"]
[Black "Frey, Matthias"]
[Result "1-0"]
[WhiteElo "1813"]
[BlackElo "1948"]
[PlyCount "75"]
[EventDate "2011.08.13"]
[EventType "swiss"]
[EventRounds "9"]
[EventCountry "GER"]
[SourceTitle "CBM 143 Extra"]
[Source "ChessBase"]
[SourceDate "2011.08.29"]
[SourceVersion "1"]
[SourceVersionDate "2011.08.29"]
[SourceQuality "1"]

1. d4 Nf6 2. Nf3 g6 3. Bf4 Bg7 4. e3 d6 5. c3 Nbd7 6. Nbd2 0-0 7. Bc4 c5 8. 0-0 a6 9. a4 b6 10. Qb3 Bb7 11. d5 b5 12. e4 bxc4 13. Qxb7 Rb8 14. Qxa6 Rxb2 15. Qxc4 Nh5 16. Bg3 Qa5 17. Rfb1 Qxc3 18. Qxc3 Bxc3 19. Rxb2 Bxb2 20. Ra2 Bc3 21. a5 Ra8 22. Nc4 Ra7 23. Kf1 Nhf6 24. Nfd2 Bxd2 25. Nxd2 c4 26. f3 c3 27. Nb3 Rb7 28. Ra3 c2 29. Bf4 Ne5 30. a6 Ra7 31. Bxe5 dxe5 32. Ke2 Ne8 33. Kd2 Nc7 34. Nc5 Nb5 35. Rb3 Nd4 36. Rb7 Ra8 37. a7 Kg7 38. Na6 1-0

[Event "Lenk op 22nd"]
[Site "Lenk"]
[Date "2010.04.04"]
[Round "6"]
[White "Frey, Matthias"]
[Black "Grillon, Alexandre"]
[Result "1-0"]
[WhiteElo "1941"]
[BlackElo "2096"]
[PlyCount "51"]
[EventDate "2010.04.01"]
[EventType "swiss"]
[EventRounds "7"]
[EventCountry "SUI"]
[SourceTitle "CBM 135 Extra"]
[Source "ChessBase"]
[SourceDate "2010.05.04"]
[SourceVersion "1"]
[SourceVersionDate "2010.05.04"]
[SourceQuality "1"]

1. e4 c5 2. Nf3 d6 3. d4 cxd4 4. Nxd4 Nf6 5. Nc3 a6 6. Be3 e6 7. Be2 Be7 8. 0-0 0-0 9. f4 Qc7 10. g4 h6 11. g5 hxg5 12. fxg5 Nfd7 13. g6 Ne5 14. gxf7+ Rxf7 15. Rxf7 Kxf7 16. Qf1+ Bf6 17. Qh3 Nbc6 18. Qh5+ Ke7 19. Nf5+ Kd8 20. Nxd6 Qxd6 21. Rd1 Nd4 22. Bxd4 Nf3+ 23. Bxf3 Bxd4+ 24. Kh1 Kc7 25. Ne2 g6 26. Qh7+ 1-0

[Event "Lenk op 22nd"]
[Site "Lenk"]
[Date "2010.04.01"]
[Round "1"]
[White "Frey, Matthias"]
[Black "Huss, Andreas"]
[Result "0-1"]
[WhiteElo "1941"]
[BlackElo "2324"]
[PlyCount "80"]
[EventDate "2010.04.01"]
[EventType "swiss"]
[EventRounds "7"]
[EventCountry "SUI"]
[SourceTitle "CBM 135 Extra"]
[Source "ChessBase"]
[SourceDate "2010.05.04"]
[SourceVersion "1"]
[SourceVersionDate "2010.05.04"]
[SourceQuality "1"]

1. e4 e6 2. d4 d5 3. Nd2 c5 4. exd5 exd5 5. Bb5+ Nc6 6. Ngf3 Bd6 7. dxc5 Bxc5 8. 0-0 Nge7 9. Nb3 Bd6 10. Nbd4 0-0 11. h3 a6 12. Bd3 h6 13. c3 Bc7 14. Be3 Qd6 15. Re1 Bd7 16. Rc1 Rfe8 17. Ne2 Qf6 18. Bd4 Nxd4 19. Nexd4 Nc6 20. Rc2 Rxe1+ 21. Qxe1 Nxd4 22. Nxd4 Qd6 23. Nf3 Bc6 24. Re2 d4 25. Be4 d3 26. Re3 Bb5 27. c4 Bxc4 28. b3 Bb5 29. a4 Bc6 30. Rxd3 Qe6 31. Bxc6 Qxc6 32. Qd1 Re8 33. b4 b5 34. a5 Qf6 35. Rd7 Rd8 36. Rxd8+ Qxd8 37. Qe1 Bd6 38. Nd4 Bf8 39. Nc2 Qd3 40. Ne3 Qe4 0-1

[Event "Gibraltar Masters 8th"]
[Site "Caleta"]
[Date "2010.02.02"]
[Round "8"]
[White "Frey, Matthias"]
[Black "Martsynovskaya, Marina"]
[Result "0-1"]
[WhiteElo "1907"]
[BlackElo "2184"]
[PlyCount "74"]
[EventDate "2010.01.26"]
[EventType "swiss"]
[EventRounds "10"]
[EventCountry "GGB"]
[SourceTitle "CBM 134 Extra"]
[Source "ChessBase"]
[SourceDate "2010.03.03"]
[SourceVersion "1"]
[SourceVersionDate "2010.03.03"]
[SourceQuality "1"]

1. e4 e5 2. Nf3 Nc6 3. Bb5 Nd4 4. Nxd4 exd4 5. d3 Bc5 6. Nd2 Ne7 7. 0-0 0-0 8. Nf3 c6 9. Ba4 d5 10. exd5 Nxd5 11. h3 h6 12. Bd2 Qf6 13. Re1 Be6 14. Qe2 Rfe8 15. Qe5 Qxe5 16. Nxe5 a5 17. c3 f6 18. Nxc6 bxc6 19. Bxc6 Rad8 20. Bxe8 Rxe8 21. Re2 Kf7 22. cxd4 Bxd4 23. Bxa5 Nf4 24. Rd2 Bd5 25. Bc3 Ba7 26. g3 Nxh3+ 27. Kf1 Ng5 28. a4 h5 29. b4 Nf3 30. Rc2 Rb8 31. Rb2 g5 32. b5 h4 33. gxh4 gxh4 34. Rb4 h3 35. Rf4 h2 36. Rxf6+ Ke7 37. Ke2 Ng1+ 0-1